Tuyển tập ca khúc câu hát quê nhà

সংরক্ষণ করুন:
গ্রন্থ-পঞ্জীর বিবরন
প্রধান লেখক: Phạm, Đắc Hiến
অন্যান্য লেখক: Lê, Trung Hiếu
বিন্যাস: গ্রন্থ
ভাষা:Undetermined
প্রকাশিত: Bình Dương Hội Văn học Nghệ thuật Bình Dương 2006
বিষয়গুলি:
অনলাইন ব্যবহার করুন:http://lrc.tdmu.edu.vn/opac/search/detail.asp?aID=2&ID=22502
ট্যাগগুলো: ট্যাগ যুক্ত করুন
কোনো ট্যাগ নেই, প্রথমজন হিসাবে ট্যাগ করুন!
Thư viện lưu trữ: Trung tâm Học liệu Trường Đại học Thủ Dầu Một
LEADER 00763nam a2200205Ia 4500
001 TDMU_22502
008 210410s9999 xx 000 0 und d
082 |a 782.42 
090 |b PH104 
100 |a Phạm, Đắc Hiến 
245 0 |a Tuyển tập ca khúc câu hát quê nhà 
245 0 |c Phạm Đắc Hiến, Lê Trung Hiếu, Phạm Minh Thuận 
260 |a Bình Dương 
260 |b Hội Văn học Nghệ thuật Bình Dương 
260 |c 2006 
300 |a 67 tr. 
650 |a Tác phẩm âm nhaÌ£c; Bài hát 
700 |a Lê, Trung Hiếu 
856 |u http://lrc.tdmu.edu.vn/opac/search/detail.asp?aID=2&ID=22502 
980 |a Trung tâm Học liệu Trường Đại học Thủ Dầu Một